Các lý thuyết văn hóa
Cuốn sách tuyển chọn truyện thần thoại của các dân tộc khác nhau trên khắp thế giới, mang đến những khám phá thú vị về đời sống văn hóa dân gian của các tộc người.
Gardado en:
| Formato: | Libro |
|---|---|
| Idioma: | Undetermined |
| Publicado: |
Hà Nội
Hồng Đức
2019
|
| Những chủ đề: | |
| Các nhãn: |
Engadir etiqueta
Sen Etiquetas, Sexa o primeiro en etiquetar este rexistro!
|
| Thư viện lưu trữ: | Trung tâm Học liệu Trường Đại học Cần Thơ |
|---|
| LEADER | 00757nam a2200193Ia 4500 | ||
|---|---|---|---|
| 001 | CTU_238863 | ||
| 008 | 210402s9999 xx 000 0 und d | ||
| 020 | |c 230000 | ||
| 082 | |a 306 | ||
| 082 | |b C101 | ||
| 245 | 0 | |a Các lý thuyết văn hóa | |
| 245 | 0 | |c Nhiều tác giả | |
| 260 | |a Hà Nội | ||
| 260 | |b Hồng Đức | ||
| 260 | |c 2019 | ||
| 520 | |a Cuốn sách tuyển chọn truyện thần thoại của các dân tộc khác nhau trên khắp thế giới, mang đến những khám phá thú vị về đời sống văn hóa dân gian của các tộc người. | ||
| 650 | |a Văn hóa,Culture | ||
| 910 | |b nthai | ||
| 980 | |a Trung tâm Học liệu Trường Đại học Cần Thơ | ||